Get The Picture: September Holidays Quiz Stats

 Plays Quiz not verified by Sporcle

Score 0/15 Timer 03:00
0 Plays Today
Question Answer Wrong Answers
Jack Sparrow and Blackbeard could have been patrons of this holiday Talk Like A Pirate Day
76%
Grandparents Day
2.9%
Labor Day
2.3%
Celebrated on a Sunday Grandparents Day
70.7%
Labor Day
7.5%
Talk Like A Pirate Day
3.5%
An annual parade takes place in New York City to celebrate this holiday Labor Day
70%
Grandparents Day
5.1%
Talk Like A Pirate Day
5.3%
Celebrated on a Monday Labor Day
65.6%
Grandparents Day
8.3%
Talk Like A Pirate Day
6.6%
First celebrated on September 5, 1882 Labor Day
65.6%
Grandparents Day
10.9%
Talk Like A Pirate Day
4.2%
Does not have a badge on Sporcle celebrating it Grandparents Day
61.8%
Labor Day
8.9%
Talk Like A Pirate Day
9.7%
Conceived by John Baur and Mark Summers while playing racquetball Talk Like A Pirate Day
59.9%
Grandparents Day
13.1%
Labor Day
7.7%
Conceived by Marian McQuade Grandparents Day
57.9%
Labor Day
10.6%
Talk Like A Pirate Day
11.4%
Celebrated on the 19th Talk Like A Pirate Day
54.9%
Grandparents Day
18%
Labor Day
7.9%
Created on June 6, 1995 Talk Like A Pirate Day
50.9%
Grandparents Day
22.1%
Labor Day
7.4%
The first state to declare this holiday legal was Oregon Labor Day
48%
Grandparents Day
21.3%
Talk Like A Pirate Day
11.2%
Celebrated on the day of the creator’s ex-wife's birthday Talk Like A Pirate Day
46.4%
Grandparents Day
25.4%
Labor Day
8.8%
The United States official flower of this holiday is the forget-me-not Grandparents Day
44%
Labor Day
35.3%
Talk Like A Pirate Day
2.1%
Proclaimed a national holiday by Congress and President Carter on August 3, 1978 Grandparents Day
37.2%
Labor Day
40.9%
Talk Like A Pirate Day
3%
Conceived by Peter J. McGuire Labor Day
34.3%
Grandparents Day
19.7%
Talk Like A Pirate Day
26.4%

You're not logged in!

Compare scores with friends on all Sporcle quizzes.
OR
Log In

Sporcle TV

Today on Sporcle TV


Watch our educational content, quiz creation guides, and fun videos on Sporcle TV.

Show Comments

Extras

Top Quizzes Today


Score Distribution

Your Account Isn't Verified!

In order to create a playlist on Sporcle, you need to verify the email address you used during registration. Go to your Sporcle Settings to finish the process.

Report this User

Report this user for behavior that violates our Community Guidelines.

Details: